书目信息 |
| 题名: |
农业化学实验指导
|
|
| 作者: | 孙羲 编 | |
| 分册: | ||
| 出版信息: | 北京 高等教育出版社 1957 |
|
| 页数: | 94页 | |
| 开本: | 21cm | |
| 丛书名: | ||
| 单 册: | ||
| 中图分类: | S131 | |
| 科图分类: | ||
| 主题词: | 农业化学--实验--方法 , 农业化学 | |
| 电子资源: | ||
| ISBN: | ||
| 000 | 00651nam0 2200253 45 980 | |
| 001 | 0658751372 | |
| 005 | 20060801162037.24 | |
| 010 | @dCNY0.50 | |
| 091 | @a16010.114 | |
| 100 | @a19970429d1957 em y0chiy0121 ea | |
| 101 | 0 | @achi |
| 102 | @aCN@b110000 | |
| 105 | @afk z 000yy | |
| 106 | @ar | |
| 200 | 10 | @a农业化学实验指导@f孙羲等编@Anong ye hua xue shi yan zhi dao |
| 210 | @a北京@c高等教育出版社@d1957 | |
| 215 | @a94页@c图,表@d21cm | |
| 300 | @a高等农林学校教学参考书 | |
| 606 | @a农业化学@x实验@x方法 | |
| 606 | 0 | @a农业化学 |
| 690 | @aS131@v3 | |
| 701 | 0 | @a孙羲@4编@Asun xi |
| 801 | 0 | @c20060801 |
| 905 | @a10447@dS131@e40 | |
| 农业化学实验指导/孙羲等编.-北京:高等教育出版社,1957 |
| 94页:图,表;21cm |
| 高等农林学校教学参考书 |
| ISBN :CNY0.50 |
| ● |
| 相关链接 |
|
|
|
|
正题名:农业化学实验指导
索取号:S131/40
 
预约/预借
| 序号 | 登录号 | 条形码 | 馆藏地/架位号 | 状态 | 备注 |
| 1 | 0439332 | 204393325 | 密集书库/ [索取号:S131/40] | 在馆 |